000 00909cam a22002897a 4500
003 CHAP
005 20220329134911.0
008 971013s1981 mx r 00010 spa d
010 _a27750
011 _a28722
035 _a32829
040 _cCHAP
090 _aFolleto 9774
110 2 _aInstituto Nacional de Estadística, Geografía e Informática. México
_959304
245 1 3 _aEl ABC de las cuentas nacionales
260 _aMéxico, D.F. :
_bEl Instituto,
_c1981
300 _a34 p
590 _aBATCH-UPD
_b10
_c20130110
_lUCH01
_h1918
590 _aBATCH-UPD
_b10
_c20130410
_lUCH01
_h1244
590 _aBATCH-UPD
_b10
_c20130914
_lUCH01
_h1409
590 _aCONVERSION
_b10
_c20130109
_lUCH01
_h1316
650 1 4 _aFinanzas públicas
_xContabilidad.
_940959
650 1 4 _aIngresos
_xContabilidad.
_958368
901 _aBK
942 _cFOLL
949 _aFolleto 9774
_bBC
_cFOLL
_d-76492
_eTS1
_i32829
_mD
_si
999 _c27750
_d27750